Т. 36 : Тесные двойные системы: эффекты взаимодействия; Астрономия

Dades bibliogràfiques
Parent link:Астрономия/ Академия наук СССР (АН СССР), Всесоюзный институт научной и технической информации (ВИНИТИ). Т. 36 : Тесные двойные системы: эффекты взаимодействия.— , 1965-
Autor principal: Пустыльник И. Б.
Altres autors: Горбацкий В. Г. (редактор)
Idioma:rus
Publicat: 1989
Matèries:
Format: MixedMaterials Llibre
KOHA link:https://koha.lib.tpu.ru/cgi-bin/koha/opac-detail.pl?biblionumber=255029

MARC

LEADER 00000nam2a2200000 4500
001 255029
005 20231101233005.0
035 |a (RuTPU)RU\TPU\book\277532 
035 |a RU\TPU\book\8225 
090 |a 255029 
100 |a 20140326d1989 k y0rusy50 ca 
101 0 |a rus 
102 |a RU 
105 |a a z 001zy 
200 0 |a Т. 36 : Тесные двойные системы: эффекты взаимодействия  |f И. Б. Пустыльник  |g науч. ред. В. Г. Горбацкий 
210 |d 1989 
215 |a 108 с.  |c ил. 
320 |a Библиогр.: с. 91-107. 
461 1 |0 (RuTPU)RU\TPU\book\272671  |t Астрономия  |f Академия наук СССР (АН СССР), Всесоюзный институт научной и технической информации (ВИНИТИ)  |v Т. 36 : Тесные двойные системы: эффекты взаимодействия  |d 1965-   |s Астрономия 
606 1 |a Астрономия  |2 stltpush  |3 (RuTPU)RU\TPU\subj\29567  |9 52865 
610 1 |a двойные системы 
610 1 |a взаимодействия 
610 1 |a алголи 
610 1 |a газы 
610 1 |a контактные системы 
610 1 |a рентгеновские излучения 
610 1 |a звезды 
610 1 |a эллипсоидальные переменные 
610 1 |a газозатменные переменные 
675 |a 52  |v 3 
700 1 |a Пустыльник  |b И. Б. 
702 1 |a Горбацкий  |b В. Г.  |4 340 
801 0 |a RU  |b 63413507  |c 20011209  |g PSBO 
801 2 |a RU  |b 63413507  |c 20140625  |g PSBO 
942 |c BK